000 00568nam a2200181Ia 4500
008 151018s9999 xx 000 0 und d
082 _bRBASDV11820
_a891.463
100 _aरमेश मंत्री
245 _aमहानगर
250 _b2
260 _b"मॅजेस्टीक पब्लिशिंग हाऊस, ठाणे "
_c1976
300 _a262
600 _aरमेश मंत्री
630 _aमहानगर
700 _aरमेश मंत्री
730 _aमहानगर
942 _cBOOK
999 _c1014162
_d1014159